Statistics for Surfin' USA Lyrics Quiz - The Beach Boys

Click here to take the quiz!

General Stats

  • This quiz has been taken 276 times
  • The average score is 17 of 30

Answer Stats

Lyrics% Correct
1Like {Californi-a}
87%
5{Surfin'} {USA}
87%
2{Surfin'} {USA}
87%
5{Surfin'} {USA}
87%
5{Surfin'} {USA}
87%
3{Surfin'} {USA}
87%
1{Surfin'} {USA}
87%
1If everybody had an {ocean}
81%
3We'll all be gone for the {summer}
71%
1A {bushy} {bushy} blonde hairdo
67%
3We can't wait for {June}
67%
3We're {waxing} down our surfboards
65%
3Tell the {teacher} we're surfin'
63%
3We're on {safari} to stay
63%
1You'd see them wearing their {baggies}
63%
1Huarachi {sandals} too
62%
3We're gonna take {real} soon
60%
4At Wa'imea {Bay}
58%
4Redondo {Beach} LA
57%
4All {over} La Jolla
50%
2And down Doheny {Way}
49%
2All over {Manhattan}
47%
4{Pacific} Palasides
42%
3We'll all be {planning} that route
35%
2{Ventura} County line
30%
2{Australia}'s Narrabeen
23%
2{Santa Cruz} and Trestle
22%
2You'd catch 'em surfin' at {Del Mar}
21%
4{Haggerties} and Swamis
11%
4{San Onofre} and Sunset
11%

Score Distribution

Percentile by Number Answered

Percent of People with Each Score

Your Score History

You have not taken this quiz